Niñas sabias /

Sparad:
Bibliografiska uppgifter
Huvudupphov: Carter, Angela (autor)
Övriga upphov: Smith, Ali (prólogo) (prólogo), Martín Giráldez, Rubén (traducción) (traducción)
Materialtyp: Bok
Språk:spanska
Utgiven: México : Sexto Piso, 2025, c2025
Serie:(Narrativa Sexto Piso)
Ämnen:
Taggar: Lägg till en tagg
Inga taggar, Lägg till första taggen!

MARC

LEADER 00000nam^a2200000^a^4500
001 000628653
005 20260219000000.0
009 20260310134117.439
020 |a 978-84-10249-11-0 
037 |a Acervo ITESO - Biblioteca 
041 |a ESP 
082 |a 823.  |b CAR 
100 |a Carter, Angela  |e (autor) 
245 1 0 |a Niñas sabias /  |c A. Carter ; pról. de A. Smith ; tr. por R. Martín Giráldez. 
264 4 |a México :  |b Sexto Piso,  |c 2025, c2025 
300 |a 363 p. 
336 |a texto  |b txt  |2 rdacontenido 
337 |a sin mediación  |b n  |2 rdamedio 
338 |a volumen  |b nc  |2 rdasoporte 
440 1 |a (Narrativa Sexto Piso) 
500 |a Traducción de: Wise Children 
521 |a FIL 2025 DIA 
649 |a XX 
650 |a Hermanos Gemelos en la Literatura 
650 |a Mujeres en la Literatura 
650 |a Novela Inglesa 
650 |a Literatura Inglesa -  |y Siglo XX 
650 |a Literatura de Mujeres -  |z Inglaterra 
650 |a Incesto en la Literatura 
650 |a Legitimidad e Ilegitimidad en la Literatura 
650 |a Teatro en la Literatura 
650 |a Artes Escénicas en la Literatura 
650 |a Shakespeare, William 
700 |a Smith, Ali  |e (prólogo) 
700 |a Martín Giráldez, Rubén  |e (traducción) 
910 |a Fondo General 
920 |a Impresos - Libros 
930 |a Colección General 
940 |a Literatura 
905 |a 101 
901 |a 628653-10  |b IT1  |c LIT  |i C192538  |u 20260219 
902 |a https://opac.biblio.iteso.mx/vufind/Record/000628653